Countries & Capitals Sorting Blitz Quiz Stats

 Plays Quiz Updated Aug 25, 2014

Support Sporcle.
Go Orange.
Score 0/40 Timer 05:00
8 Plays Today
% Correct
???
67.8%
???
60.2%
???
60.1%
???
56.9%
???
54.4%
???
53.1%
???
52.6%
???
51.8%
???
50.2%
???
49.7%
???
48.7%
???
48.2%
???
47.7%
???
43.9%
???
41.3%
???
40.9%
???
38.7%
???
35.9%
???
31.7%
???
30.8%
% Correct
???
29.1%
???
23.5%
???
21.5%
???
21.2%
???
20.3%
???
19.1%
???
19%
???
18.4%
???
18.3%
???
18%
???
17.5%
???
13.5%
???
9.4%
???
9%
???
9%
???
8.8%
???
8.7%
???
6.9%
???
6.2%
???
5.6%

You're not logged in!

Compare scores with friends on all Sporcle quizzes.
OR
Log In

From the Vault

Three Movies: 'E' Actors

by aquascape

In this case, the E's have it.
Remove Ads.
Support Sporcle.
Get the best of Sporcle when you Go Orange. This ad-free experience offers more features, more stats, and more fun while also helping to support Sporcle. Thank you for becoming a member.

Show Comments

Extras

Top Quizzes Today


Score Distribution

Your Account Isn't Verified!

In order to create a playlist on Sporcle, you need to verify the email address you used during registration. Go to your Sporcle Settings to finish the process.

Report this User

Report this user for behavior that violates our Community Guidelines.

Details: